[Event "EU-Cup 29th"]
[Site "Rhodes"]
[Date "2013.10.20"]
[Round "1.5"]
[White "Dvirnyy, Danyyil"]
[Black "Gupta, Milon"]
[Result "0-1"]
[WhiteElo "2568"]
[BlackElo "2287"]
[PlyCount "126"]
[EventDate "2013.10.20"]
[EventType "team-swiss"]
[EventRounds "7"]
[EventCountry "GRE"]
[SourceTitle "CBM 157"]
[Source "ChessBase"]
[SourceDate "2013.11.12"]
[SourceVersion "1"]
[SourceVersionDate "2013.11.12"]
[SourceQuality "1"]
[WhiteTeam "Padova"]
[BlackTeam "Solingen"]
[WhiteTeamCountry "ITA"]
[BlackTeamCountry "GER"]

1. Nf3 Nf6 2. c4 g6 3. Nc3 d5 4. cxd5 Nxd5 5. g3 Bg7 6. Bg2 0-0 7. 0-0 c5 8. Qa4 Nb6 9. Qh4 e6 10. Qxd8 Rxd8 11. d3 Nd5 12. Bg5 f6 13. Bd2 Nc6 14. Rfc1 Bf8 15. a3 Bd7 16. Rab1 Rac8 17. h4 b6 18. Kf1 Kf7 19. Ne1 Nce7 20. Na2 Nc6 21. Nc3 Nce7 22. Nc2 Nxc3 23. bxc3 Bc6 24. c4 Nf5 25. a4 Bxg2+ 26. Kxg2 Bd6 27. a5 Bc7 28. Na3 Nd6 29. Nb5 Nxb5 30. Rxb5 Rd6 31. Ra1 Rc6 32. axb6 Bxb6 33. Kf3 e5 34. Ra6 R8c7 35. Bc3 Ke6 36. Ke3 Kf5 37. Rb1 Re7 38. f3 h5 39. Rg1 Ke6 40. f4 exf4+ 41. gxf4 Kf7+ 42. Kf3 Rce6 43. e4 Rd7 44. Ke2 Red6 45. Rd1 Re6 46. Ba5 Red6 47. Bc3 Re6 48. Bd2 Red6 49. Be3 Ke6 50. Ra3 Rc6 51. Rda1 Rcd6 52. Rf1 Rc6 53. f5+ gxf5 54. Rxf5 Rh7 55. Ra6 Kd7 56. Ra1 Ke6 57. Raf1 Ke7 58. Rd5 Rg7 59. Rff5 Ke6 60. Bxc5 Rg2+ 61. Kf3 Rh2 62. Bxb6 Rxb6 63. e5 Kxf5 0-1

[Event "NRW Class2 1213"]
[Site "Germany"]
[Date "2013.03.10"]
[Round "7.2"]
[White "Gupta, Milon"]
[Black "Becker, Marcel"]
[Result "0-1"]
[WhiteElo "2226"]
[BlackElo "2328"]
[PlyCount "126"]
[EventDate "2012.09.16"]
[EventType "team-tourn"]
[EventRounds "9"]
[EventCountry "GER"]
[SourceTitle "EXT 2017"]
[Source "ChessBase"]
[SourceDate "2016.10.25"]
[SourceVersion "1"]
[SourceVersionDate "2016.10.25"]
[SourceQuality "1"]
[WhiteTeam "Solingen III"]
[BlackTeam "Oberhausen"]
[WhiteTeamCountry "GER"]
[BlackTeamCountry "GER"]

1. d4 d5 2. c4 c6 3. Nf3 Nf6 4. Qc2 dxc4 5. Qxc4 Bf5 6. g3 e6 7. Bg2 Be7 8. 0-0 0-0 9. e3 Nbd7 10. Qe2 Qc7 11. Nc3 Ne4 12. Nh4 Nxc3 13. bxc3 Bxh4 14. gxh4 e5 15. e4 Be6 16. f4 f6 17. Ba3 Rfe8 18. fxe5 fxe5 19. d5 Bf7 20. c4 c5 21. Bc1 Qd6 22. Kh1 Rf8 23. Bd2 h6 24. h5 Nf6 25. Bf3 Qd7 26. Rg1 Kh8 27. Rg3 Rg8 28. Rag1 Raf8 29. Qe3 Bxh5 30. Bxh5 Nxh5 31. Rg4 Qe7 32. Qh3 Nf4 33. Bxf4 Rxf4 34. Qg2 Rxg4 35. Qxg4 Rf8 36. Qg3 Rf4 37. Qg6 Rf6 38. Qg3 Kg8 39. Qd3 Qd6 40. Qg3 Rf7 41. Qg4 b6 42. Qc8+ Kh7 43. Qg4 Qf6 44. Rd1 Qf3+ 45. Qxf3 Rxf3 46. a4 Kg8 47. a5 Kf8 48. axb6 axb6 49. Rb1 Re3 50. Rxb6 Rxe4 51. Re6 Rxc4 52. Rxe5 Rd4 53. d6 c4 54. Rc5 Kf7 55. Rc7+ Ke6 56. Rxg7 Rxd6 57. Kg2 Kd5 58. Kf3 Kd4 59. Ke2 Kc3 60. Ke1 Kc2 61. Rg2+ Kc1 62. Rg4 Re6+ 63. Kf2 c3 0-1

[Event "EU-Cup 27th"]
[Site "Rogaska Slatina"]
[Date "2011.09.26"]
[Round "2"]
[White "Gupta, Milon"]
[Black "Trauth, Michael"]
[Result "1-0"]
[WhiteElo "2270"]
[BlackElo "2185"]
[PlyCount "81"]
[EventDate "2011.09.25"]
[EventType "team-swiss"]
[EventRounds "7"]
[EventCountry "SLO"]
[SourceTitle "CBM 145"]
[Source "ChessBase"]
[SourceDate "2011.11.11"]
[SourceVersion "1"]
[SourceVersionDate "2011.11.11"]
[SourceQuality "1"]
[WhiteTeam "Solingen SG"]
[BlackTeam "Echternach Sprenger"]
[WhiteTeamCountry "GER"]
[BlackTeamCountry "LUX"]

1. c4 c5 2. g3 Nf6 3. Bg2 g6 4. Nc3 Bg7 5. Nf3 0-0 6. d4 cxd4 7. Nxd4 d6 8. 0-0 Nc6 9. Nxc6 bxc6 10. Bxc6 Rb8 11. Bg2 Qa5 12. Qd3 Bf5 13. e4 Be6 14. b3 Nxe4 15. Bxe4 Qxc3 16. Qxc3 Bxc3 17. Rb1 a5 18. Bg5 f6 19. Be3 Bb4 20. Rfd1 Bf5 21. Bxf5 gxf5 22. Rd5 e6 23. Rd3 Rfd8 24. Rbd1 Kf7 25. Kf1 Ke7 26. Ke2 Bc5 27. Bxc5 dxc5 28. Rxd8 Rxd8 29. Rxd8 Kxd8 30. Kd3 Kd7 31. a3 Kc6 32. Kc3 Kb6 33. b4 axb4+ 34. axb4 Kc6 35. b5+ Kc7 36. Kd3 Kd6 37. Ke3 e5 38. Kf3 Ke6 39. Kg2 e4 40. Kf1 Ke5 41. Ke2 1-0

[Event "NRW Class1 1011"]
[Site "Germany"]
[Date "2011.01.09"]
[Round "5.1"]
[White "Dahm, Jochen"]
[Black "Gupta, Milon"]
[Result "1/2-1/2"]
[WhiteElo "2362"]
[BlackElo "2285"]
[PlyCount "68"]
[EventDate "2010.09.26"]
[EventType "team-tourn"]
[EventRounds "9"]
[EventCountry "GER"]
[SourceTitle "EXT 2012"]
[Source "ChessBase"]
[SourceDate "2011.11.24"]
[SourceVersion "1"]
[SourceVersionDate "2011.11.24"]
[SourceQuality "1"]
[WhiteTeam "Bochum II"]
[BlackTeam "Solingen III"]
[WhiteTeamCountry "GER"]
[BlackTeamCountry "GER"]

1. e4 d6 2. d4 Nf6 3. Nc3 e5 4. Nf3 Nbd7 5. g3 g6 6. Bg2 Bg7 7. 0-0 0-0 8. Re1 h6 9. a4 a5 10. Nb5 exd4 11. Nfxd4 Nc5 12. Nb3 Bg4 13. Qd2 Nxb3 14. cxb3 Nd7 15. h3 Be6 16. b4 axb4 17. Qxb4 Nc5 18. Ra3 Qd7 19. Rd1 Na6 20. Qa5 b6 21. Qe1 Bxh3 22. b4 Bxg2 23. Kxg2 Rfe8 24. Bf4 f5 25. Re3 Rxe4 26. Rxe4 Qc6 27. Nxc7 Nxc7 28. Rxd6 Qxe4+ 29. Qxe4 fxe4 30. Rxg6 Kh7 31. Rxb6 Nd5 32. a5 Nxf4+ 33. gxf4 Bd4 34. Re6 Bc3 1/2-1/2

[Event "EU-Cup 26th"]
[Site "Plovdiv"]
[Date "2010.10.22"]
[Round "6.5"]
[White "Gonzalez de la Torre, Santiago"]
[Black "Gupta, Milon"]
[Result "1/2-1/2"]
[WhiteElo "2405"]
[BlackElo "2285"]
[PlyCount "60"]
[EventDate "2010.10.17"]
[EventType "team-swiss"]
[EventRounds "7"]
[EventCountry "BUL"]
[SourceTitle "CBM 139"]
[Source "ChessBase"]
[SourceDate "2010.11.18"]
[SourceVersion "1"]
[SourceVersionDate "2010.11.18"]
[SourceQuality "1"]
[WhiteTeam "Taldea Gros Xake"]
[BlackTeam "Solingen"]
[WhiteTeamCountry "ESP"]
[BlackTeamCountry "GER"]

1. e4 d6 2. d4 Nf6 3. Nc3 e5 4. Nf3 Nbd7 5. Bc4 Be7 6. 0-0 0-0 7. Re1 c6 8. a4 a5 9. h3 Nb6 10. Ba2 Nfd7 11. Be3 exd4 12. Bxd4 Nc5 13. Bxc5 dxc5 14. Qe2 Qd6 15. Rad1 Qg6 16. Ne5 Qg5 17. f4 Qxf4 18. Nxf7 c4 19. Rf1 Bc5+ 20. Kh1 Qe3 21. Qh5 g6 22. Qh4 Rxf7 23. Rxf7 Kxf7 24. Qxh7+ Ke6 25. Qg8+ Ke7 26. Qd8+ Ke6 27. e5 Qxe5 28. Qg8+ Ke7 29. Qh7+ Ke8 30. Qxg6+ Ke7 1/2-1/2